书目信息 |
| 题名: |
DNS与BIND
|
|
| 作者: | 刘 , 奥尔比茨 著 ;房向明 , 孙云 , 陈治州 译 | |
| 分册: | ||
| 出版信息: | 北京 人民邮电出版社 2014 |
|
| 页数: | 11,620页 | |
| 开本: | 24cm | |
| 丛书名: | ||
| 单 册: | ||
| 中图分类: | TP368.5 | |
| 科图分类: | ||
| 主题词: | 网络服务器--基本知识 , 网络服务器 | |
| 电子资源: | ||
| ISBN: | 978-7-115-33599-9 | |
| 000 | 01265nam0 2200325 450 | |
| 001 | 523 | |
| 005 | 20140910092038.53 | |
| 010 | @a978-7-115-33599-9@dCNY108.00 | |
| 100 | @a20140319d2014 em y0chiy50 ea | |
| 101 | 1 | @achi@ceng |
| 102 | @aCN@b110000 | |
| 105 | @ay z 000yy | |
| 106 | @ar | |
| 200 | 1 | @aDNS与BIND@ADNS Yu BIND@f(美)Cricket Liu,(美)Paul Albitz著@F( Mei )Cricket Liu,( Mei )Paul Albitz Zhu@g房向明,孙云,陈治州译 |
| 210 | @a北京@c人民邮电出版社@d2014 | |
| 215 | @a11,620页@d24cm | |
| 305 | @a美国O'Reilly Media, Inc.授权出版 据原书第5版译出 | |
| 312 | @a封面英文题名:DNS and BIND | |
| 330 | @a本书共17章,分别介绍了DNS的发展动机、概念、运行机制;BIND的安装、配置、维护;使用MX记录来发送邮件;子域的划分;对域名服务器的保护;DNS安全扩展和事务签名;常用的DNS调试工具和排错技术、理解调试输出;DNS编程等知识。 | |
| 510 | 1 | @aDNS and BIND@zeng |
| 606 | 0 | @a网络服务器@x基本知识 |
| 606 | 0 | @a网络服务器 |
| 690 | @aTP368.5@v5 | |
| 701 | 0 | @c(美)@a刘@ALiu@c(Liu, Cricket)@4著 |
| 701 | 0 | @c(美)@a奥尔比茨@AAo Er Bi Ci@c(Albitz, Paul)@4著 |
| 702 | 0 | @a房向明@AFang Xiang Ming@4译 |
| 702 | 0 | @a孙云@ASun Yun@4译 |
| 702 | 0 | @a陈治州@AChen Zhi Zhou@4译 |
| 801 | 0 | @aCN@bTANGWEI@c20140603 |
| 905 | @b0840956-58@dTP368.5@e440@f3 | |
| DNS与BIND/(美)Cricket Liu,(美)Paul Albitz著/房向明,孙云,陈治州译.-北京:人民邮电出版社,2014 |
| 11,620页;24cm |
| ISBN 978-7-115-33599-9:CNY108.00 |
| 本书共17章,分别介绍了DNS的发展动机、概念、运行机制;BIND的安装、配置、维护;使用MX记录来发送邮件;子域的划分;对域名服务器的保护;DNS安全扩展和事务签名;常用的DNS调试工具和排错技术、理解调试输出;DNS编程等知识。 |
| ● |
| 相关链接 |
|
|
|
|
正题名:DNS与BIND
索取号:TP368.5/440
 
预约/预借
| 序号 | 登录号 | 条形码 | 馆藏地/架位号 | 状态 | 备注 |
| 1 | 0840956 | 208409569 | 第二样本阅览室/ [索取号:TP368.5/440] | 在馆 | |
| 2 | 0840957 | 208409578 | 密集书库—计算机科学学院/ [索取号:TP368.5/440] | 在馆 | |
| 3 | 0840958 | 208409587 | 第三借阅区/ [索取号:TP368.5/440] | 在馆 |